Universidad y valores: recopilación de escritos sobre educación

Saved in:
書目詳細資料
主要作者: Arizmendi Posada, Octavio (Author)
格式: 圖書
語言:西班牙语
出版: Bogotá Universidad de la Sabana 1992
主題:
標簽: 添加標簽
沒有標簽, 成為第一個標記此記錄!

MARC

LEADER 00000nam a2200000 a 4500
001 UCG1959
003 CL-VaPUC
008 100531e19920000CK |||||||||||||||||spa|d
020 |a 9581200959 
082 0 4 |a 378.001  |b ARI  |2 21 
100 0 |a Arizmendi Posada, Octavio  |e author  |9 550101 
245 1 0 |a Universidad y valores: recopilación de escritos sobre educación 
300 |a 170 p 
942 |c BK 
945 |d 20100531 00:00:00  |a dcastane 
260 |a Bogotá  |b Universidad de la Sabana  |c 1992 
650 0 |a Educación superior   |9 223851 
650 0 |a Filosofía de la educación   |9 258384 
650 0 |a Universidades  |9 256317 
583 |a last modification  |c 20100531 00:00:00  |k Rodrigo Vera 
999 |c 341206  |d 341204 
952 |0 0  |1 0  |4 0  |6 378_001000000000000_ARI_1992  |7 0  |8 P  |9 436548  |a BIBEDU  |b BIBEDU  |c BIBEDU_PB  |d 2019-11-22  |i 4678788  |o 378.001 ARI 1992  |p 4678788  |r 2024-01-25  |w 2019-11-22  |y BK  |k EPE